000 00397nam a2200133Ia 4500
008 220217s9999||||xx |||||||||||||| ||und||
020 _a81-7808-588-7
082 _a153.94 TUL
100 _aTulsian, P.C Pandey, Vishal
_93569
245 0 _aQuantitative techniques: theory and problems
260 _aPearson education asia
_bDelhi
_c2002
300 _b260
650 _aEXAM BOOKS/GRE/CAT/GATE
999 _c172193
_d172193